| 000 | 00642cam a2200205 a 4500 | ||
|---|---|---|---|
| 003 | CO-ViMGA | ||
| 005 | 20230915234239.0 | ||
| 008 | 010521s2005 ck rd 00010 spa d | ||
| 020 | _a9789583014178 | ||
| 040 |
_aCO-ViMGA _bspa _cCO-ViMGA |
||
| 082 | 0 | 4 |
_aR340.03 _bR64d _219 ed. |
| 100 | 1 |
_aRojas González, Germán, _d1953- _96713 |
|
| 245 | 1 | 0 |
_aDiccionario de derecho / _cGermán Rojas González. |
| 250 | _a2a. ed. | ||
| 260 |
_aBogotá : _b3R Editores, _c2004. |
||
| 300 |
_a520 p. ; _c21 cm. |
||
| 500 | _aIncluye anexo: Aforismos, máximas y reglas jurídicas. | ||
| 650 | 1 | 4 |
_aDerecho _v Diccionarios. _96708 |
| 942 |
_2ddc _cREF |
||
| 999 |
_c37586 _d37586 |
||